Passing it on : (Record no. 553187)
[ view plain ]
| 000 -LEADER | |
|---|---|
| fixed length control field | 00668cam a22001811a 4500 |
| 082 ## - DEWEY DECIMAL CLASSIFICATION NUMBER | |
| Classification number | 954.915 |
| Author Mark | SKE |
| 100 1# - MAIN ENTRY--PERSONAL NAME | |
| Personal name | Skeen, Andrew, |
| 9 (RLIN) | 50322 |
| 245 10 - TITLE STATEMENT | |
| Title | Passing it on : |
| Remainder of title | short talks on tribal fighting on the North-west frontier of India / |
| Statement of responsibility, etc. | by Sir Andrew Skeen ; with a foreword by Sir Philip W. Chetwode. |
| 250 ## - EDITION STATEMENT | |
| Edition statement | 4th ed. |
| 260 ## - PUBLICATION, DISTRIBUTION, ETC. | |
| Place of publication, distribution, etc. | Aldershot : |
| Name of publisher, distributor, etc. | Gale & Polden Ltd., |
| Date of publication, distribution, etc. | 1934. |
| 300 ## - PHYSICAL DESCRIPTION | |
| Extent | 4 prelim. leaves, 144 p. ; |
| Dimensions | 22 cm. |
| 526 ## - STUDY PROGRAM INFORMATION NOTE | |
| Program name | 0 |
| Interest level | 0 |
| Reading level | 0 |
| Title point value | 954_915000000000000_SKE |
| 526 ## - STUDY PROGRAM INFORMATION NOTE | |
| Program name | 0 |
| Interest level | 0 |
| Reading level | 0 |
| Title point value | 954_915000000000000_SKE |
| 650 #0 - SUBJECT ADDED ENTRY--TOPICAL TERM | |
| Topical term or geographic name entry element | Infantry drill and tactics |
| 9 (RLIN) | 18831 |
| 650 #0 - SUBJECT ADDED ENTRY--TOPICAL TERM | |
| Topical term or geographic name entry element | MCE |
| 9 (RLIN) | 379 |
| 650 #0 - SUBJECT ADDED ENTRY--TOPICAL TERM | |
| Topical term or geographic name entry element | Military art and science |
| 9 (RLIN) | 37914 |
| 942 ## - ADDED ENTRY ELEMENTS (KOHA) | |
| Source of classification or shelving scheme | |
| Koha item type | Book |
| Withdrawn status | Lost status | Source of classification or shelving scheme | Damaged status | Not for loan | Permanent Location | Current Location | Shelving location | Date acquired | Total Checkouts | Full call number | Barcode | Date last seen | Price effective from | Koha item type |
|---|---|---|---|---|---|---|---|---|---|---|---|---|---|---|
| Military College of Engineering (MCE) | Military College of Engineering (MCE) | 02/02/2015 | 954.915 SKE | MCE-ECP /30 | 02/02/2015 | 02/02/2015 | Book | |||||||
| Military College of Engineering (MCE) | Military College of Engineering (MCE) | 02/02/2015 | 954.915 SKE | MCE-ECP/30.3 | 02/02/2015 | 02/02/2015 | Book |
